00638nam a22002057a 4500001000400000003000900004005001700013008004100030040002800071082002200099100002600121245006400147250001200211260006300223300003700286500002000323505004000343650002400383650002500407172BD-DhUAP20201118151300.0201118t19581987ii a 001 0 eng d aDLCcDLCdBD-DhUAPbEng00223a547.0028 VOG 1 aVogel, Arthur Israel.10aElementary practical organic chemistry /cArthur I. Vogel.  a2nd ed. aNew Delhi :bCBS publishers & distributors,cc1958 [1987]. aparts :billustrations ;c23 cm. aIncludes index.1 aP. 3- Qualitative organic analysis. 0aChemistry, Organic. 0aChemistry, Analytic.